000 00989nam a22003137a 4500
003 CHAP
005 20220817042502.0
008 971013s1969 r 00010 d
010 _a46010
011 _a46982
035 _a51123
040 _cCHAP
082 _a631.46
_bU5
110 _aUNESCO
245 _aSoil biology
_b: reviews of research
260 _aParis :
_bUNESCO,
_c1969
300 _a240 p.
_b: ilus.
490 _aNatural resources research
_v; 9
590 _aBATCH-UPD
_b10
_c20130110
_lUCH01
_h1920
590 _aBATCH-UPD
_b10
_c20130410
_lUCH01
_h1246
590 _aBATCH-UPD
_b10
_c20130914
_lUCH01
_h1837
590 _aCONVERSION
_b10
_c20130109
_lUCH01
_h1325
650 1 4 _aSuelos
_xBiologĂ­a.
_9110219
830 0 _aNatural resources research
_v; 9
_980412
901 _aBK
942 _cLIBRO
949 _a631.46 U5
_bBC
_cLIBRO
_d33724000077046
_eLIBRO
_fc.2
_h28959
_i51123
_si
_t111.30
949 _a631.46 U5
_bBC
_cLIBRO
_d33724000077889
_eLIBRO
_h17424
_i51123
_si
_t111.30
999 _c46010
_d46010